Flooding (Record no. 101689)

MARC details
000 -LEADER
fixed length control field 01344cam a2200217 4500
001 - CONTROL NUMBER
control field ##L115014
008 - FIXED-LENGTH DATA ELEMENTS--GENERAL INFORMATION
fixed length control field 011005n2001 000 0 eng u
035 ## - SYSTEM CONTROL NUMBER
System control number (Sirsi) u115014
041 0# - LANGUAGE CODE
Language code of text/sound track or separate title eng
050 04 - LIBRARY OF CONGRESS CALL NUMBER
Classification number 627.4 $2 18
110 2# - MAIN ENTRY--CORPORATE NAME
Corporate name or jurisdiction name as entry element Royal Institution of Chartered Surveyors
Subordinate unit Rural Faculty
9 (RLIN) 4160
245 00 - TITLE STATEMENT
Title Flooding
Remainder of title issues of concern to chartered surveyors
260 ## - PUBLICATION, DISTRIBUTION, ETC.
Place of publication, distribution, etc. London
Name of publisher, distributor, etc. RICS
Date of publication, distribution, etc. 2001
300 ## - PHYSICAL DESCRIPTION
Extent 34p.
Dimensions 30cm
520 ## - SUMMARY, ETC.
Summary, etc. Intended as a working document for chartered surveyors, this report brings together for the first time in one place the vast number of bodies, authorities and agencies involved in planning and flood prevention, and includes the various Acts of Parliament, legislation and financial information that surveyors may need when dealing with flooding or flood prevention. The report also looks at other areas, such as insurance, the financial costs of flood defence costs and the financial implications of property and land management and valuation. A list of related websites, recommendations for further study and reading references is given.
651 #4 - SUBJECT ADDED ENTRY--GEOGRAPHIC NAME
Geographic name United Kingdom
Chronological subdivision
690 ## - LOCAL SUBJECT ADDED ENTRY--TOPICAL TERM (OCLC, RLIN)
Topical term or geographic name as entry element ENVIRONMENTAL AND LAND CONSULTANCY-WATER RESOURCE MANAGEMENT-FLOODING
700 1# - ADDED ENTRY--PERSONAL NAME
Personal name Appleby, M.
710 2# - ADDED ENTRY--CORPORATE NAME
Corporate name or jurisdiction name as entry element Royal Institution of Chartered Surveyors
Subordinate unit Coastal and Flood Defence Working Party
9 (RLIN) 4161
942 ## - ADDED ENTRY ELEMENTS (KOHA)
Suppress in OPAC 0
Holdings
Withdrawn status Lost status Source of classification or shelving scheme Damaged status Not for loan Home library Current library Shelving location Date acquired Total Checkouts Full call number Barcode Date last seen Copy number Price effective from Koha item type Date last checked out
    Dewey Decimal Classification     London London RICS Boxes 05/10/2001   RICS 2001/36 30064992 06/08/2019 1 06/08/2019 Archive  
    Dewey Decimal Classification     London London RICS Boxes 05/10/2001   RICS 2001/36 30064993 06/08/2019 2 06/08/2019 Reference material  
    Dewey Decimal Classification     London London RICS Boxes 05/10/2001 7 RICS 2001/36 30064995 06/08/2019 4 06/08/2019 Book 12/03/2008